[Event "2023 John Brooke Cup"]
[Site "Woodvale, Perth WA AUS"]
[Date "2023.09.20"]
[Round "6"]
[White "Brooke, John"]
[Black "Bordas, Lindsay"]
[Result "1-0"]
[WhiteElo "1435"]
[BlackElo "1122"]
[PlyCount "69"]
[EventDate "2023.08.09"]
[EventType "swiss"]
[EventRounds "7"]
[EventCountry "AUS"]
[TimeControl "3600+30"]

1. e4 e6 2. Bc4 d5 3. exd5 exd5 4. Bb5+ c6 5. Ba4 b5 6. Bb3 c5 7. c3 Ba6 8. Qf3
c4 9. Bc2 Bc5 10. Ne2 Nf6 11. O-O O-O 12. Rd1 Qc7 13. d4 cxd3 14. Bxd3 Bb7 15.
Qh3 Bc8 16. Qh4 Ne4 17. Bxe4 dxe4 18. Qxe4 Bb7 19. Qh4 Rd8 20. Rxd8+ Bf8 21.
Rd1 Na6 22. Bf4 Qc6 23. Qg3 Qc4 24. Nd4 Rd8 25. Nd2 Qd5 26. N2f3 Nc5 27. h3 Ne4
28. Qh4 f6 29. Qg4 Bc8 30. Qh4 g5 31. Nxg5 fxg5 32. Bxg5 Nxg5 33. Qh5 Qe5 34.
Nc6 Rxd1+ 35. Rxd1 1-0

[Event "2023 John Brooke Cup"]
[Site "Woodvale, Perth WA AUS"]
[Date "2023.09.20"]
[Round "6"]
[White "Overste, Brian"]
[Black "Powell, Darren"]
[Result "0-1"]
[WhiteElo "972"]
[BlackElo "1337"]
[PlyCount "79"]
[EventDate "2023.08.09"]
[EventType "swiss"]
[EventRounds "7"]
[EventCountry "AUS"]
[TimeControl "3600+30"]

1. e4 e5 2. b3 Nc6 3. Bb2 Bc5 4. Nf3 d6 5. Bb5 Nge7 6. Nc3 a6 7. Bc4 Bg4 8. a3
Bd4 9. h3 Bh5 10. O-O Qd7 11. Ra2 O-O-O 12. Bxf7 Bxf7 13. Ng5 Rdf8 14. d3 h6
15. Nxf7 Rxf7 16. Na4 Bxb2 17. Rxb2 d5 18. Nc5 Qd6 19. Qg4+ Kb8 20. b4 h5 21.
Qe6 Qxe6 22. Nxe6 Rh6 23. exd5 Nxd5 24. Ng5 Rf5 25. Ne4 Nd4 26. c3 Ne2+ 27.
Rxe2 Rg6 28. Ng3 Rfg5 29. h4 Rg4 30. Rxe5 Nf4 31. Nxh5 Rxg2+ 32. Kh1 Nxd3 33.
Re8+ Ka7 34. Rf8 R2g4 35. Ng3 Rxh4+ 36. Kg2 Nf4+ 37. Kf3 Ne6 38. Rh1 Rxg3+ 39.
fxg3 Rxh1 40. Rf7 0-1

[Event "2023 John Brooke Cup"]
[Site "Woodvale, Perth WA AUS"]
[Date "2023.09.20"]
[Round "6"]
[White "Owen, Geoffrey"]
[Black "Markou, Victor"]
[Result "1-0"]
[WhiteElo "1030"]
[BlackElo "1039"]
[PlyCount "71"]
[EventDate "2023.08.09"]
[EventType "swiss"]
[EventRounds "7"]
[EventCountry "AUS"]
[TimeControl "3600+30"]

1. e4 e5 2. Nf3 d6 3. Bc4 Nf6 4. O-O Nc6 5. d4 Na5 6. Bd3 Nc6 7. Bb5 Bd7 8.
Bxc6 Bxc6 9. d5 Bd7 10. c4 g6 11. Nc3 Bg7 12. b4 O-O 13. Re1 c5 14. dxc6 Bxc6
15. b5 Bd7 16. Ba3 Be6 17. Bxd6 Re8 18. Nxe5 Nd7 19. f4 Nxe5 20. fxe5 Qb6+ 21.
c5 Qa5 22. Nd5 Rad8 23. Bc7 Qxb5 24. Bxd8 Qxc5+ 25. Kh1 Rxd8 26. Rc1 Qf8 27.
Qf3 Bxd5 28. exd5 Re8 29. e6 fxe6 30. Qxf8+ Rxf8 31. dxe6 Re8 32. Rcd1 Bf6 33.
Rd6 Kf8 34. Rd7 Be7 35. Rxb7 Bb4 36. Rxb4 1-0

[Event "2023 John Brooke Cup"]
[Site "Woodvale, Perth WA AUS"]
[Date "2023.09.20"]
[Round "6"]
[White "May, Wendy"]
[Black "Jahn, Harold"]
[Result "1-0"]
[WhiteElo "914"]
[BlackElo "1081"]
[PlyCount "41"]
[EventDate "2023.08.09"]
[EventType "swiss"]
[EventRounds "7"]
[EventCountry "AUS"]
[TimeControl "3600+30"]

1. e4 e5 2. Nf3 f6 3. d4 Nc6 4. d5 Na5 5. Nc3 Bb4 6. Bd2 c6 7. a3 Bxc3 8. Bxc3
d6 9. b4 cxd5 10. bxa5 Bg4 11. Qxd5 Ne7 12. Qxb7 Nc6 13. Qxc6+ Kf7 14. Bc4+ Kg6
15. Nh4+ Kg5 16. Bd2+ Kxh4 17. g3+ Kh5 18. Bf7+ g6 19. Qc3 Rc8 20. Qe3 Qc7 21.
Qh6# 1-0

[Event "2023 Wolfgang Leonhardt Cup"]
[Site "Woodvale, Perth WA AUS"]
[Date "2023.09.27"]
[Round "7"]
[White "Saxon, Marc"]
[Black "Maggs, Derwent"]
[Result "0-1"]
[WhiteElo "2053"]
[BlackElo "2251"]
[PlyCount "72"]
[EventDate "2023.08.09"]
[EventType "swiss"]
[EventRounds "7"]
[EventCountry "AUS"]
[TimeControl "3600+30"]

1. e4 c5 2. Nf3 d6 3. d4 cxd4 4. Nxd4 Nf6 5. Nc3 a6 6. Bg5 e6 7. f4 h6 8. Bh4
Qb6 9. a3 Be7 10. Bf2 Qc7 11. Bd3 Nbd7 12. Qe2 b5 13. O-O-O Bb7 14. g4 g5 15.
fxg5 hxg5 16. Be3 Rc8 17. Bxg5 Ne5 18. Bxb5+ axb5 19. Ndxb5 Qb6 20. Nxd6+ Bxd6
21. Bxf6 Rh3 22. Qb5+ Qxb5 23. Nxb5 Bb8 24. g5 Bxe4 25. Rhe1 Nd3+ 26. Rxd3 Bxd3
27. Nc3 Bf5 28. b4 Rxh2 29. Kb2 Bxc2 30. Be5 Rg2 31. Bf6 Bd3+ 32. Ka1 Bg3 33.
Rh1 e5 34. Nd5 Rcc2 35. Rh8+ Kd7 36. Rd8+ Ke6 0-1

[Event "2023 Wolfgang Leonhardt Cup"]
[Site "Woodvale, Perth WA AUS"]
[Date "2023.09.27"]
[Round "7"]
[White "Lakner, Jay"]
[Black "Maris, Rob"]
[Result "1-0"]
[WhiteElo "2144"]
[BlackElo "2044"]
[PlyCount "35"]
[EventDate "2023.08.09"]
[EventType "swiss"]
[EventRounds "7"]
[EventCountry "AUS"]
[TimeControl "3600+30"]

1. c4 e5 2. Nc3 d6 3. Nf3 f5 4. d4 e4 5. Ng5 c6 6. f3 Be7 7. Nh3 exf3 8. exf3
Nf6 9. Be2 Na6 10. O-O O-O 11. Re1 Re8 12. Be3 Nc7 13. Qb3 Kh8 14. Bd3 d5 15.
Rad1 b6 16. Bf4 dxc4 17. Bxc4 Bb7 18. Ng5 1-0

[Event "2023 Wolfgang Leonhardt Cup"]
[Site "Woodvale, Perth WA AUS"]
[Date "2023.09.27"]
[Round "7"]
[White "Plaganyi, Gyula"]
[Black "Kerr, Lennon"]
[Result "1-0"]
[WhiteElo "1972"]
[WhiteTitle "CM"]
[BlackElo "1576"]
[PlyCount "83"]
[EventDate "2023.08.09"]
[EventType "swiss"]
[EventRounds "7"]
[EventCountry "AUS"]
[TimeControl "3600+30"]

1. e4 e6 2. d3 Nc6 3. Nf3 Nf6 4. g3 d5 5. Nbd2 Bc5 6. Bg2 dxe4 7. dxe4 e5 8.
O-O Bg4 9. h3 Bh5 10. c3 O-O 11. b4 Bd6 12. Qc2 a5 13. b5 Na7 14. c4 Qe7 15.
Bb2 c6 16. a4 b6 17. Rac1 Rac8 18. Qb3 c5 19. Nh4 Bg6 20. Nf5 Bxf5 21. exf5 Qd7
22. Qc2 Rcd8 23. Rcd1 Nc8 24. Rfe1 Rfe8 25. Bc6 Qc7 26. Bxe8 Rxe8 27. Ne4 Nxe4
28. Qxe4 f6 29. Kg2 Kh8 30. Rd3 Ne7 31. Red1 Rd8 32. g4 Nc8 33. Bc1 h6 34. h4
Qe7 35. Kh3 Kg8 36. f4 Qc7 37. fxe5 fxe5 38. g5 hxg5 39. Bxg5 Rf8 40. Kg4 Qd7
41. Qxe5 g6 42. Qe6+ 1-0

[Event "2023 Wolfgang Leonhardt Cup"]
[Site "Woodvale, Perth WA AUS"]
[Date "2023.09.27"]
[Round "7"]
[White "Gibson, Jacob"]
[Black "Kerr, Carter"]
[Result "0-1"]
[WhiteElo "1987"]
[BlackElo "1485"]
[PlyCount "78"]
[EventDate "2023.08.09"]
[EventType "swiss"]
[EventRounds "7"]
[EventCountry "AUS"]
[TimeControl "3600+30"]

1. e4 e5 2. Nf3 Nc6 3. Bb5 Nf6 4. O-O Nxe4 5. Re1 Nd6 6. Bxc6 dxc6 7. Nxe5 Be7
8. d4 O-O 9. Nd2 Be6 10. Ndf3 Nf5 11. b3 c5 12. Bb2 cxd4 13. Nxd4 Nxd4 14. Qxd4
Qxd4 15. Bxd4 Rfd8 16. Rad1 a5 17. a4 Bf5 18. Nd3 Bb4 19. Nxb4 axb4 20. Rd2 c5
21. Re5 Bxc2 22. Rxc5 Bxb3 23. Rb5 Rxa4 24. Rxb7 Bd5 25. Bb2 h6 26. Rb5 Re8 27.
h3 Bc4 28. Rb6 b3 29. Bc3 Re1+ 30. Kh2 Rc1 31. Be5 Ra2 32. Rd8+ Kh7 33. Kg3
Rcc2 34. Bd4 b2 35. Kg4 Be6+ 36. Kh5 Ra4 37. Rbb8 Rc5+ 38. Kh4 Rd5 39. g4 Rxd8
0-1

[Event "2023 Wolfgang Leonhardt Cup"]
[Site "Woodvale, Perth WA AUS"]
[Date "2023.09.27"]
[Round "7"]
[White "O'Shaughnessy, Dave"]
[Black "Stortz, Robert"]
[Result "1/2-1/2"]
[WhiteElo "1977"]
[BlackElo "1796"]
[PlyCount "64"]
[EventDate "2023.08.09"]
[EventType "swiss"]
[EventRounds "7"]
[EventCountry "AUS"]
[TimeControl "3600+30"]

1. b3 d5 2. Bb2 Nf6 3. e3 Bf5 4. f4 a6 5. Nf3 c5 6. Be2 Nc6 7. O-O e6 8. h3 h6
9. d3 Be7 10. Nbd2 b5 11. Ne5 Nxe5 12. Bxe5 Nd7 13. Bb2 Bf6 14. Bxf6 Nxf6 15.
Nf3 Nd7 16. Qe1 Qf6 17. a4 O-O 18. g4 Bh7 19. Qg3 Qe7 20. h4 f5 21. g5 hxg5 22.
hxg5 g6 23. d4 c4 24. axb5 axb5 25. bxc4 bxc4 26. Rfb1 Qd6 27. Qh2 Rfb8 28. Kf2
Rxa1 29. Rxa1 Qb6 30. Rh1 Nf8 31. Ne5 Qc7 32. Kg3 Qg7 1/2-1/2

[Event "2023 Wolfgang Leonhardt Cup"]
[Site "Woodvale, Perth WA AUS"]
[Date "2023.09.27"]
[Round "7"]
[White "Janceski, Alex"]
[Black "Davoll, Josh"]
[Result "0-1"]
[WhiteElo "1879"]
[BlackElo "1917"]
[PlyCount "90"]
[EventDate "2023.08.09"]
[EventType "swiss"]
[EventRounds "7"]
[EventCountry "AUS"]
[TimeControl "3600+30"]

1. d4 Nf6 2. c4 e5 3. d5 Bb4+ 4. Bd2 a5 5. a3 Bxd2+ 6. Nxd2 d6 7. e4 Na6 8. g3
Nc5 9. Qc2 a4 10. Bg2 Bg4 11. f3 Bh5 12. Ne2 O-O 13. O-O Nfd7 14. g4 Bg6 15.
Ng3 Qh4 16. Nf5 Bxf5 17. exf5 f6 18. Rfe1 Rae8 19. Re3 h5 20. h3 Kf7 21. Rae1
Rh8 22. R1e2 Qg5 23. Re1 Rh6 24. R3e2 Reh8 25. Qc3 b6 26. Qe3 Qh4 27. Rb1 Rb8
28. b4 axb3 29. Nxb3 Nxb3 30. Rxb3 Nc5 31. Rb4 Ra8 32. Ra2 Rhh8 33. Re2 Ra5 34.
Rb1 Rha8 35. Ra2 Ra4 36. Rc1 R8a7 37. Rcc2 Na6 38. Qb3 Qe1+ 39. Kh2 Nc5 40. Qb2
h4 41. Re2 Qg3+ 42. Kg1 Qf4 43. Ra1 Rxc4 44. Rc2 Rxc2 45. Qxc2 Qd4+ 0-1

[Event "2023 Wolfgang Leonhardt Cup"]
[Site "Woodvale, Perth WA AUS"]
[Date "2023.09.27"]
[Round "7"]
[White "Gough, Dylan"]
[Black "Leonhardt, Wolfgang"]
[Result "1-0"]
[WhiteElo "1762"]
[BlackElo "1760"]
[PlyCount "53"]
[EventDate "2023.08.09"]
[EventType "swiss"]
[EventRounds "7"]
[EventCountry "AUS"]
[TimeControl "3600+30"]

1. d4 d5 2. c4 e6 3. Nc3 dxc4 4. e4 c6 5. Bxc4 Nf6 6. Nf3 Nbd7 7. O-O Be7 8.
Qc2 g6 9. a4 b6 10. Bf4 Bb7 11. Rfe1 O-O 12. Rad1 Rc8 13. Qb3 c5 14. d5 exd5
15. exd5 Ne8 16. Bh6 Ng7 17. Ne4 Bf6 18. Nxf6+ Nxf6 19. Bg5 Qd6 20. Qc3 Ngh5
21. h3 Rfe8 22. Rxe8+ Rxe8 23. g4 h6 24. Bxh6 Kh7 25. Ng5+ Kg8 26. gxh5 Nxh5
27. Re1 1-0

[Event "2023 Wolfgang Leonhardt Cup"]
[Site "Woodvale, Perth WA AUS"]
[Date "2023.09.27"]
[Round "7"]
[White "Oswald, Franz"]
[Black "Garang, Kuol Awan"]
[Result "1-0"]
[WhiteElo "1641"]
[BlackElo "1632"]
[PlyCount "43"]
[EventDate "2023.08.09"]
[EventType "swiss"]
[EventRounds "7"]
[EventCountry "AUS"]
[TimeControl "3600+30"]

1. d4 d5 2. c4 Nf6 3. cxd5 Nxd5 4. e4 Nf6 5. Nc3 Nc6 6. d5 Ne5 7. Nf3 Bg4 8.
Be2 Bxf3 9. Bxf3 g6 10. Bf4 Nfd7 11. Be2 Bg7 12. Be3 Nf6 13. O-O O-O 14. f4
Ned7 15. e5 Ne8 16. Qb3 Qc8 17. Rac1 Kh8 18. Qa3 a6 19. Qxe7 f5 20. Qa3 Nxe5
21. fxe5 Bxe5 22. Qxf8# 1-0

[Event "2023 Wolfgang Leonhardt Cup"]
[Site "Woodvale, Perth WA AUS"]
[Date "2023.09.27"]
[Round "7"]
[White "Akers, Gerard"]
[Black "Bhatia, Abhay"]
[Result "0-1"]
[WhiteElo "1562"]
[BlackElo "1678"]
[PlyCount "38"]
[EventDate "2023.08.09"]
[EventType "swiss"]
[EventRounds "7"]
[EventCountry "AUS"]
[TimeControl "3600+30"]

1. e4 e5 2. Nf3 d6 3. h3 Nf6 4. Nc3 Nc6 5. Bb5 Bd7 6. d4 a6 7. Ba4 b5 8. dxe5
dxe5 9. Bb3 b4 10. Ng5 bxc3 11. Bxf7+ Ke7 12. bxc3 Nxe4 13. Ba3+ Nd6 14. Bd5
Ke8 15. Nf7 Nxf7 16. Qf3 Qf6 17. Bxc6 Bxc6 18. Qxf6 gxf6 19. Bxf8 Kxf8 0-1

[Event "2023 John Brooke Cup"]
[Site "Woodvale, Perth WA AUS"]
[Date "2023.09.27"]
[Round "7"]
[White "Curtis, Calan"]
[Black "Howard, Mark"]
[Result "1/2-1/2"]
[WhiteElo "1300"]
[BlackElo "1452"]
[PlyCount "162"]
[EventDate "2023.08.09"]
[EventType "swiss"]
[EventRounds "7"]
[EventCountry "AUS"]
[TimeControl "3600+30"]

1. d4 c6 2. Nc3 Nf6 3. Bf4 d5 4. e3 h6 5. Nf3 Bg4 6. Bd3 e6 7. h3 Bxf3 8. Qxf3
Bb4 9. O-O Bxc3 10. bxc3 Nbd7 11. Rab1 b5 12. Qg3 g5 13. Bd6 Ne4 14. Bxe4 dxe4
15. f3 Nf6 16. fxe4 Nxe4 17. Qe5 Rg8 18. Qxe4 Qxd6 19. Rxb5 Rf8 20. Rbf5 Rb8
21. Rf6 Qd5 22. Qh7 Rb7 23. e4 Qxa2 24. d5 cxd5 25. Rxe6+ fxe6 26. Rxf8+ Kxf8
27. Qxb7 a5 28. Qc8+ Ke7 29. Qc7+ Ke8 30. Qe5 Kd7 31. Qg7+ Kc6 32. exd5+ Qxd5
33. Qh8 Kd6 34. Qb8+ Ke7 35. Qa7+ Kf6 36. c4 Qxc4 37. Qxa5 Qxc2 38. Qd8+ Kf7
39. Qd7+ Kf6 40. Qd4+ e5 41. Qd6+ Kf5 42. g4+ Kf4 43. Qf6+ Kg3 44. Qxe5+ Kxh3
45. Qe3+ Kxg4 46. Qe6+ Kf3 47. Qf6+ Kg4 48. Qe6+ Qf5 49. Qe2+ Kh4 50. Qe1+ Kh5
51. Qe8+ Qg6 52. Qe2+ g4 53. Qe5+ Kh4 54. Qh2+ Kg5 55. Qe5+ Qf5 56. Qe3+ Kg6
57. Qe8+ Kg5 58. Qe3+ Qf4 59. Qe7+ Kf5 60. Qd7+ Ke4 61. Qa4+ Kf3 62. Qd1+ Kg3
63. Qd3+ Kh4 64. Qd8+ Qg5 65. Qd4 Qc1+ 66. Kg2 Qc2+ 67. Kg1 Qb1+ 68. Kg2 Qb7+
69. Kg1 Qf3 70. Qd8+ Kh3 71. Qd2 g3 72. Qxh6+ Kg4 73. Qh5+ Kf4 74. Qxf3+ Kxf3
75. Kf1 Kf4 76. Kg2 Kg4 77. Kg1 Kh3 78. Kh1 Kg4 79. Kg2 Kf4 80. Kg1 Kg4 81. Kg2
Kf4 1/2-1/2

[Event "2023 John Brooke Cup"]
[Site "Woodvale, Perth WA AUS"]
[Date "2023.09.27"]
[Round "7"]
[White "Leech, Martin"]
[Black "Lanham, Bruce"]
[Result "1-0"]
[WhiteElo "1522"]
[BlackElo "1206"]
[PlyCount "39"]
[EventDate "2023.08.09"]
[EventType "swiss"]
[EventRounds "7"]
[EventCountry "AUS"]
[TimeControl "3600+30"]

1. e4 d5 2. exd5 Qxd5 3. Nc3 Qa5 4. d4 Nf6 5. Bd2 e6 6. Nf3 Bb4 7. a3 Bxc3 8.
Bxc3 Qb6 9. Bd3 Nbd7 10. O-O Nd5 11. Qd2 Nxc3 12. Qxc3 c5 13. dxc5 Nxc5 14.
Qxg7 Rf8 15. Rad1 Nxd3 16. Rxd3 Ke7 17. Ne5 Qc7 18. Rfd1 Qxc2 19. Rd8 Rxd8 20.
Qxf7# 1-0

[Event "2023 John Brooke Cup"]
[Site "Woodvale, Perth WA AUS"]
[Date "2023.09.27"]
[Round "7"]
[White "Boswarva, Ernest"]
[Black "Hounsome, David"]
[Result "1/2-1/2"]
[WhiteElo "1516"]
[BlackElo "1370"]
[PlyCount "83"]
[EventDate "2023.08.09"]
[EventType "swiss"]
[EventRounds "7"]
[EventCountry "AUS"]
[TimeControl "3600+30"]

1. d4 d5 2. e3 Nf6 3. Bd3 b6 4. Nd2 Bb7 5. f4 Nbd7 6. Ngf3 c5 7. c3 Ne4 8. O-O
e6 9. Bxe4 dxe4 10. Ng5 Nf6 11. Qa4+ Qd7 12. Qxd7+ Kxd7 13. Nxf7 Rg8 14. Nc4
Ne8 15. Nce5+ Ke7 16. f5 Nd6 17. fxe6 Kxe6 18. Bd2 Be7 19. Nxd6 Bxd6 20. Rf7
Bd5 21. Raf1 Bxe5 22. dxe5 Kxe5 23. R7f5+ Kd6 24. b3 b5 25. Rh5 h6 26. Rff5 Be6
27. Rxc5 a6 28. b4 Bxa2 29. Be1 Rac8 30. Bg3+ Kd7 31. Rhe5 Rxc5 32. Rxc5 Rc8
33. Rxc8 Kxc8 34. Be5 g6 35. g4 Kd7 36. h4 h5 37. gxh5 gxh5 38. Kg2 Ke6 39. Bd4
Kd6 40. Kg3 Bf7 41. Kf4 Kd5 42. Kg5 1/2-1/2

[Event "2023 John Brooke Cup"]
[Site "Woodvale, Perth WA AUS"]
[Date "2023.09.27"]
[Round "7"]
[White "Frankland, David"]
[Black "Young, Manfred"]
[Result "1/2-1/2"]
[WhiteElo "1098"]
[BlackElo "1090"]
[PlyCount "64"]
[EventDate "2023.08.09"]
[EventType "swiss"]
[EventRounds "7"]
[EventCountry "AUS"]
[TimeControl "3600+30"]

1. e4 e6 2. Nf3 Bc5 3. d4 Bb6 4. Bg5 Ne7 5. c3 h6 6. Be3 d6 7. Na3 e5 8. Nc4
exd4 9. Bxd4 Bxd4 10. Qxd4 f6 11. h3 Be6 12. O-O-O Nbc6 13. Qe3 Qd7 14. b3
O-O-O 15. Na3 Kb8 16. Bb5 a6 17. Bxc6 Qxc6 18. Nd4 Qd7 19. Nxe6 Qxe6 20. Rd3
Qe5 21. Nc4 Qe6 22. Rhd1 f5 23. e5 d5 24. f4 Nc6 25. Nb2 Rhg8 26. Na4 g5 27. g3
g4 28. h4 Ne7 29. Nc5 Qc6 30. Na4 Rd7 31. Qc5 Qxc5 32. Nxc5 Rdd8 1/2-1/2

[Event "2023 John Brooke Cup"]
[Site "Woodvale, Perth WA AUS"]
[Date "2023.09.27"]
[Round "7"]
[White "Gough, Sebastian"]
[Black "Owen, Geoffrey"]
[Result "1-0"]
[WhiteElo "1072"]
[BlackElo "1030"]
[PlyCount "72"]
[EventDate "2023.08.09"]
[EventType "swiss"]
[EventRounds "7"]
[EventCountry "AUS"]
[TimeControl "3600+30"]

1. d4 b5 2. e4 Nf6 3. e5 Nd5 4. Bxb5 c5 5. Qf3 Qa5+ 6. Bd2 Qxb5 7. Qxd5 Bb7 8.
Qxc5 Qxc5 9. dxc5 Bxg2 10. f3 Bxh1 11. Nc3 Na6 12. Kf2 e6 13. Be3 Nb4 14. Nb5
Kd8 15. c3 Nc2 16. Rc1 Nxe3 17. Kxe3 Bxc5+ 18. Ke2 Rb8 {At this point, White
played 19. Nd3. The position after 19. Nd3 will instead be reached using a
series of moves.} 19. Nd4 Ra8 20. Nc2 Rc8 21. Nb4 Rb8 22. Nd3 {The position
after 19. Nd3 has been reached.} Rb5 23. c4 Ra5 24. a3 Be7 25. Nh3 Bg2 26. Nhf4
Bg5 27. h4 Bxf4 28. Nxf4 Rxe5+ 29. Kf2 Bxf3 30. Kxf3 g5 31. hxg5 Rxg5 32. Rc3
Rhg8 33. Ke4 Rg3 34. Rxg3 Rxg3 35. Nh5 Rg4+ 36. Ke5 Rg5+ 37. Kf6 Rxh5 38. Kg7
Ke7 39. Kh8 f5 1-0

[Event "2023 John Brooke Cup"]
[Site "Woodvale, Perth WA AUS"]
[Date "2023.09.27"]
[Round "7"]
[White "Massam, Justin"]
[Black "Markou, Victor"]
[Result "1-0"]
[WhiteElo "1479"]
[BlackElo "1039"]
[PlyCount "82"]
[EventDate "2023.08.09"]
[EventType "swiss"]
[EventRounds "7"]
[EventCountry "AUS"]
[TimeControl "3600+30"]

1. d4 d5 2. Nf3 Nf6 3. Bf4 Nbd7 4. e3 g6 5. c3 Bg7 6. Bd3 O-O 7. O-O Re8 8.
Nbd2 c5 9. b3 b6 10. Bb5 Nh5 11. Bc6 Nxf4 12. Bxa8 Ba6 13. c4 Qxa8 14. exf4
cxd4 15. Rc1 dxc4 16. bxc4 Nc5 17. Nb3 Ne6 18. Nbxd4 Rd8 19. Qa4 Bb7 20. Nxe6
fxe6 21. Qb3 Bxf3 22. Qxf3 Qxf3 23. gxf3 e5 24. fxe5 Bxe5 25. Rfe1 Bf6 26. Kg2
Rd2 27. a4 Rd8 28. c5 bxc5 29. Rxc5 Bd4 30. Rc4 e5 31. Rd1 Rb8 32. f4 Rb2 33.
fxe5 Rxf2+ 34. Kg3 Re2 35. Rcxd4 Rxe5 36. Rb1 Re7 37. a5 Kf7 38. a6 g5 39. Rb7
h5 40. Rdd7 Ke6 41. Rxe7+ Kf6 1-0

[Event "2023 Norbert Muller Cup (Division A)"]
[Site "Woodvale, Perth WA AUS"]
[Date "2023.10.11"]
[Round "1"]
[White "Curthoys, Edward"]
[Black "Maris, Rob"]
[Result "1/2-1/2"]
[WhiteElo "1934"]
[BlackElo "2099"]
[PlyCount "40"]
[EventDate "2023.10.11"]
[EventType "tourn"]
[EventRounds "7"]
[EventCountry "AUS"]
[TimeControl "3600+30"]

1. d4 Nf6 2. Bf4 e6 3. e3 c5 4. c3 b6 5. Nf3 Bb7 6. Bd3 Be7 7. h3 d6 8. O-O h6
9. Nbd2 g5 10. Bh2 g4 11. hxg4 Nxg4 12. e4 Nd7 13. a4 Rg8 14. a5 Ndf6 15. Qe2
Nh5 16. Bb5+ Kf8 17. Bg3 a6 18. Bd3 b5 19. Nh2 Nxg3 20. fxg3 Nxh2 1/2-1/2

[Event "2023 Norbert Muller Cup (Division A)"]
[Site "Woodvale, Perth WA AUS"]
[Date "2023.10.11"]
[Round "1"]
[White "Gibson, Jacob"]
[Black "Wolstencroft, Alan"]
[Result "1/2-1/2"]
[WhiteElo "2018"]
[BlackElo "1865"]
[PlyCount "45"]
[EventDate "2023.10.11"]
[EventType "tourn"]
[EventRounds "7"]
[EventCountry "AUS"]
[TimeControl "3600+30"]

1. e4 c5 2. Nf3 d6 3. d4 cxd4 4. Nxd4 Nf6 5. Nc3 a6 6. Be3 e6 7. f3 Be7 8. Qd2
O-O 9. O-O-O Nc6 10. g4 Nxd4 11. Bxd4 b5 12. Bxf6 Bxf6 13. Qxd6 Qxd6 14. Rxd6
Be5 15. Rd3 Bb7 16. Bg2 Rad8 17. Rhd1 Rxd3 18. Rxd3 Bf4+ 19. Kb1 Bxh2 20. Rd7
Bc6 21. Ra7 Ra8 22. Rxa8+ Bxa8 23. a4 1/2-1/2

[Event "2023 Norbert Muller Cup (Division A)"]
[Site "Woodvale, Perth WA AUS"]
[Date "2023.10.11"]
[Round "1"]
[White "Clarke, Daniel"]
[Black "Janceski, Alex"]
[Result "0-1"]
[WhiteElo "1928"]
[BlackElo "1878"]
[PlyCount "72"]
[EventDate "2023.10.11"]
[EventType "tourn"]
[EventRounds "7"]
[EventCountry "AUS"]
[TimeControl "3600+30"]

1. e4 c5 2. Nf3 d6 3. d4 cxd4 4. Nxd4 Nf6 5. Nc3 a6 6. Be2 e6 7. O-O Be7 8. a4
O-O 9. Be3 Bd7 10. f4 Qc7 11. Bf3 Nc6 12. Nxc6 Bxc6 13. a5 Nd7 14. Qd2 Rac8 15.
Rfc1 Rfd8 16. Na4 Rf8 17. Nb6 Nxb6 18. Bxb6 Qd7 19. c4 Bf6 20. Rd1 Be7 21. c5
Ba4 22. Rxa4 Qxa4 23. cxd6 Bd8 24. Bxd8 Rfxd8 25. Rc1 Rxc1+ 26. Qxc1 Qd4+ 27.
Kf1 Qxd6 28. e5 Qd7 29. Qc3 g6 30. Ke2 Rc8 31. Qd3 Qc7 32. b4 Qc1 33. Qd1 Qxf4
34. Bxb7 Qxe5+ 35. Kf2 Qb2+ 36. Kf1 Rc1 0-1

[Event "2023 Norbert Muller Cup (Division A)"]
[Site "Woodvale, Perth WA AUS"]
[Date "2023.10.11"]
[Round "1"]
[White "Plaganyi, Gyula"]
[Black "Saxon, Marc"]
[Result "0-1"]
[WhiteElo "1990"]
[WhiteTitle "CM"]
[BlackElo "2047"]
[PlyCount "120"]
[EventDate "2023.10.11"]
[EventType "tourn"]
[EventRounds "7"]
[EventCountry "AUS"]
[TimeControl "3600+30"]

1. d4 Nf6 2. c4 g6 3. h4 Bg7 4. Nf3 d6 5. Nc3 Bf5 6. Bf4 Nbd7 7. e3 O-O 8. Be2
c5 9. Qd2 Qa5 10. O-O Rfc8 11. Rfe1 cxd4 12. Nxd4 Nb6 13. Nb3 Qb4 14. g4 Bxg4
15. f3 Be6 16. Nd4 Nxc4 17. Bxc4 Bxc4 18. Nc2 Qa5 19. e4 Qh5 20. Kg2 Nd7 21.
Qf2 Ne5 22. Bxe5 Bxe5 23. f4 Qg4+ 24. Qg3 Qxf4 25. Qxf4 Bxf4 26. Ne3 Bxe3 27.
Rxe3 Be6 28. Rd1 a6 29. Kg3 Rc4 30. h5 b5 31. hxg6 hxg6 32. Rh1 Kg7 33. b3 Rc5
34. Ne2 Rh8 35. Rxh8 Kxh8 36. Nf4 Bc8 37. a3 Bb7 38. Ne2 Re5 39. Nc3 g5 40. Kf2
f5 41. exf5 Rxe3 42. Kxe3 Kg7 43. Ne2 Kf6 44. Ng3 Ke5 45. Kf2 Bc8 46. Ke3 Bxf5
47. Ne2 Bd7 48. Nd4 g4 49. Ne2 Kf5 50. Ng3+ Kg6 51. Kf4 e5+ 52. Ke3 Bc6 53. b4
d5 54. Kf2 Kg5 55. Ne2 d4 56. Kg3 Bf3 57. Nc1 e4 58. Nb3 d3 59. Nd2 e3 60.
Nxf3+ gxf3 0-1

[Event "2023 Norbert Muller Cup (Division B)"]
[Site "Woodvale, Perth WA AUS"]
[Date "2023.11.22"]
[Round "1"]
[White "Weijermars, Tristan"]
[Black "Michael, Ashley"]
[Result "0-1"]
[WhiteElo "1575"]
[BlackElo "1563"]
[PlyCount "52"]
[EventDate "2023.10.11"]
[EventType "tourn"]
[EventRounds "7"]
[EventCountry "AUS"]
[TimeControl "3600+30"]

1. d4 Nf6 2. c4 c5 3. d5 b5 4. Nc3 b4 5. Nb1 g6 6. Bg5 Bg7 7. Nd2 d6 8. Qc2 O-O
9. Ngf3 a5 10. e4 Na6 11. Be2 b3 12. Qxb3 Rb8 13. Qc2 Nxd5 14. exd5 Rxb2 15.
Qe4 Rxd2 16. Kxd2 Bxa1 17. Rxa1 f6 18. Be3 Bf5 19. Qf4 Qb6 20. Ke1 Qb2 21. Rc1
Nb4 22. Kf1 Bd3 23. Bxd3 Nxd3 24. Qh6 Nxc1 25. Bxc1 Qc2 26. Nh4 Qd1# 0-1

[Event "2023 Norbert Muller Cup (Division B)"]
[Site "Woodvale, Perth WA AUS"]
[Date "2023.10.11"]
[Round "1"]
[White "Gough, Dylan"]
[Black "Browning, Thomas"]
[Result "0-1"]
[WhiteElo "1823"]
[BlackElo "1651"]
[PlyCount "74"]
[EventDate "2023.10.11"]
[EventType "tourn"]
[EventRounds "7"]
[EventCountry "AUS"]
[TimeControl "3600+30"]

1. d4 d5 2. c4 Nf6 3. Nc3 e6 4. e3 c5 5. cxd5 exd5 6. Nf3 Nc6 7. h3 Be6 8. Bb5
Rc8 9. Ne5 Bd6 10. Qa4 Qb6 11. Bxc6+ bxc6 12. Nf3 O-O 13. O-O Bf5 14. dxc5 Qxc5
15. Qd4 Rfe8 16. Rd1 Ne4 17. Bd2 Qb6 18. Qxb6 axb6 19. Nd4 Bd7 20. a4 Bc5 21.
Nb3 Bb4 22. Nxe4 Rxe4 23. Bc3 Bxc3 24. bxc3 Ra8 25. a5 bxa5 26. Nc5 Re7 27. Ra4
Bf5 28. c4 Bc2 29. Rda1 Bxa4 30. Rxa4 dxc4 31. Rxc4 Rea7 32. Na4 Ra6 33. Kf1
Rb8 34. Nc5 Raa8 35. Nd7 Rb1+ 36. Ke2 a4 37. Rc2 a3 0-1

[Event "2023 Norbert Muller Cup (Division B)"]
[Site "Woodvale, Perth WA AUS"]
[Date "2023.10.11"]
[Round "1"]
[White "Leonhardt, Wolfgang"]
[Black "Oswald, Franz"]
[Result "1-0"]
[WhiteElo "1760"]
[BlackElo "1678"]
[PlyCount "51"]
[EventDate "2023.10.11"]
[EventType "tourn"]
[EventRounds "7"]
[EventCountry "AUS"]
[TimeControl "3600+30"]

1. e4 c5 2. Nf3 e6 3. d4 cxd4 4. Nxd4 Nc6 5. Be3 a6 6. c4 Qc7 7. Nc3 Nf6 8. Be2
Bb4 9. Rc1 Nxe4 10. O-O Nxc3 11. bxc3 Be7 12. f4 O-O 13. Bd3 Bf6 14. f5 e5 15.
Nf3 Re8 16. Be4 b5 17. Bd5 Bb7 18. Ng5 Bxg5 19. Bxg5 Ne7 20. Bxf7+ Kxf7 21.
Qh5+ Kg8 22. f6 Qc5+ 23. Kh1 Rf8 24. fxe7 Rxf1+ 25. Rxf1 g6 26. Qh6 1-0